<?xml version="1.0" encoding="UTF-8"?>
<collection xmlns="http://www.loc.gov/MARC21/slim">
 <record>
  <leader>00693pamaa2200181   4500</leader>
  <controlfield tag="001">0000019408</controlfield>
  <controlfield tag="005">20060523090000.0</controlfield>
  <datafield tag="020" ind1="0" ind2="0">
   <subfield code="a">0198203179 </subfield>
  </datafield>
  <datafield tag="082" ind1=" " ind2=" ">
   <subfield code="a">941.084.092 CHU 1993</subfield>
  </datafield>
  <datafield tag="090" ind1="0" ind2="0">
   <subfield code="a">DA566.9 </subfield>
   <subfield code="b">CHU 1993</subfield>
  </datafield>
  <datafield tag="245" ind1="0" ind2="0">
   <subfield code="a">Churchill : </subfield>
   <subfield code="b">a major new assessment of his life in peace and war  </subfield>
   <subfield code="c">edited by Robert Blake and Wm. Roger Louis.</subfield>
  </datafield>
  <datafield tag="260" ind1="0" ind2="0">
   <subfield code="a">Oxford: </subfield>
   <subfield code="b">Oxford University Press, </subfield>
   <subfield code="c">1993.</subfield>
  </datafield>
  <datafield tag="300" ind1=" " ind2=" ">
   <subfield code="a">xv, 581p.: </subfield>
   <subfield code="b">ill., plates; </subfield>
   <subfield code="c">24 cm.</subfield>
  </datafield>
  <datafield tag="600" ind1="1" ind2="0">
   <subfield code="a">Churchill, Winston,, </subfield>
   <subfield code="c">Sir,, </subfield>
   <subfield code="d">1874-1965</subfield>
  </datafield>
  <datafield tag="650" ind1="0" ind2="0">
   <subfield code="a">Prime ministers -- </subfield>
   <subfield code="x">Biography -- </subfield>
   <subfield code="z">Great Britain </subfield>
  </datafield>
  <datafield tag="651" ind1="0" ind2="0">
   <subfield code="a">Great Britain -- </subfield>
   <subfield code="x">Politics and government -- </subfield>
   <subfield code="y">20th century </subfield>
  </datafield>
  <datafield tag="700" ind1="1" ind2="1">
   <subfield code="a">BLAKE, </subfield>
   <subfield code="h">Robert </subfield>
  </datafield>
  <datafield tag="700" ind1="1" ind2="1">
   <subfield code="a">Louis, </subfield>
   <subfield code="h">William Roger </subfield>
  </datafield>
 </record>
</collection>
